Predpoklad vývoja zamestnanosti v poľnohospodárskej prvovýrobe
Príčiny ubúdania pracovných miest. Zmena profesnej a kvalifikačnej štruktúry. Očakávania v r. 1993. Vývoj priemerného evidenčného počtu trvale činných pracovníkov v poľnohospodárstve.
Saved in:
| Main Author: | |
|---|---|
| Format: | Book Chapter |
| Language: | Slovak |
| Subjects: | |
| Tags: |
No Tags, Be the first to tag this record!
|
MARC
| LEADER | 00000naa a2200000 4500 | ||
|---|---|---|---|
| 001 | r000550 | ||
| 005 | 20221129134012.4 | ||
| 041 | 0 | |a slo | |
| 044 | |a CZ | ||
| 245 | 1 | 0 | |a Predpoklad vývoja zamestnanosti v poľnohospodárskej prvovýrobe |c Stanislav Buchta |
| 520 | |a Príčiny ubúdania pracovných miest. Zmena profesnej a kvalifikačnej štruktúry. Očakávania v r. 1993. Vývoj priemerného evidenčného počtu trvale činných pracovníkov v poľnohospodárstve. | ||
| 610 | 2 | 0 | |a zamestnanosť |
| 610 | 2 | 0 | |a trh práce |
| 610 | 2 | 0 | |a poľnohospodárstvo |
| 610 | 2 | 0 | |a Slovensko |
| 610 | 2 | 0 | |a výroba poľnohospodárska |
| 610 | 2 | 0 | |a miesta pracovné |
| 610 | 2 | 0 | |a údaje štatistické |
| 610 | 2 | 0 | |a 1992-1993 |
| 100 | 1 | |a Buchta, Stanislav | |